[Event "Tiumen UrFO-ch op"]
[Site "Tiumen"]
[Date "2009.05.08"]
[Round "5"]
[White "Uljanov, Oleg"]
[Black "Galeev, Insaf"]
[Result "1-0"]
[WhiteElo "2061"]
[BlackElo "1954"]
[PlyCount "37"]
[EventDate "2009.05.04"]
[EventType "swiss"]
[EventRounds "9"]
[EventCountry "RUS"]
[SourceTitle "EXT 2010"]
[Source "ChessBase"]
[SourceDate "2010.11.25"]
[SourceVersion "1"]
[SourceVersionDate "2010.11.25"]
[SourceQuality "1"]

1. f4 Nf6 2. Nf3 g6 3. b3 Bg7 4. Bb2 0-0 5. e3 d6 6. Bc4 Nbd7 7. 0-0 c6 8. a4 Qc7 9. Qe1 e5 10. f5 d5 11. Be2 gxf5 12. Nh4 f4 13. exf4 exf4 14. Nf5 Ne5 15. Nxg7 Kxg7 16. Qh4 Qd6 17. Rxf4 Re8 18. Qg5+ Kf8 19. Qxf6 1-0

[Event "Tiumen UrFO-ch op"]
[Site "Tiumen"]
[Date "2009.05.05"]
[Round "2"]
[White "Kopylova, Natalia"]
[Black "Uljanov, Oleg"]
[Result "1-0"]
[WhiteElo "1901"]
[BlackElo "2061"]
[PlyCount "90"]
[EventDate "2009.05.04"]
[EventType "swiss"]
[EventRounds "9"]
[EventCountry "RUS"]
[SourceTitle "EXT 2010"]
[Source "ChessBase"]
[SourceDate "2010.11.25"]
[SourceVersion "1"]
[SourceVersionDate "2010.11.25"]
[SourceQuality "1"]

1. e4 d5 2. d3 dxe4 3. dxe4 Qxd1+ 4. Kxd1 e5 5. Be3 Be6 6. Nd2 Nd7 7. Ngf3 f6 8. Bc4 Bxc4 9. Nxc4 0-0-0 10. Ke2 Bc5 11. Bd2 Ne7 12. b4 Bd6 13. Nxd6+ cxd6 14. c4 f5 15. Ng5 Rdf8 16. f3 h6 17. Nh3 fxe4 18. fxe4 Nb6 19. Rac1 Nc6 20. Kd3 Rf6 21. a3 Rhf8 22. Be3 Kb8 23. Rhd1 g5 24. Ng1 Nc8 25. Ne2 N8e7 26. Kc3 Ng6 27. Ng3 Nf4 28. Rc2 Ne7 29. Rcd2 Rd8 30. Kb3 b6 31. c5 Kc7 32. Kc4 bxc5 33. Bxc5 a6 34. Be3 h5 35. Bxf4 Rxf4 36. Nxh5 Rxe4+ 37. Kb3 d5 38. Ng7 Kd6 39. Nf5+ Nxf5 40. Rxd5+ Ke6 41. Rxd8 Nd4+ 42. Ka4 Nb5 43. R1d3 Re2 44. Ra8 e4 45. Rxa6+ Ke5 1-0